Loading...
Paper weight /
| Other Authors: | |
|---|---|
| Format: | Printed Book |
| Language: | Malayalam |
| Published: |
kannur:
Payal Books,
2013.
|
| Edition: | 1 |
| Subjects: |
| LEADER | 00544cam a2200181ua 4500 | ||
|---|---|---|---|
| 008 | 130620t2013||||||||||| 00 ||mal c | ||
| 041 | 0 | |a mal | |
| 082 | |a M 894.812 1 |b RAM/P | ||
| 245 | 1 | 0 | |a Paper weight / |
| 250 | |a 1 | ||
| 260 | |a kannur: |b Payal Books, |c 2013. | ||
| 300 | |a 55. | ||
| 362 | 1 | |a 2013. | |
| 650 | 0 | |a malayalam literature- Poems | |
| 700 | 0 | 2 | |a Ramakrishnan, Chuzhali |
| 942 | |c BK | ||
| 999 | |c 29135 |d 29135 | ||
| 952 | |0 0 |1 0 |4 0 |6 M_894_812000000000000_1_RAM |7 0 |9 30929 |a KUCL |b KUCL |d 2014-05-23 |l 0 |o M 894.812 1 RAM/ |p G1284 |r 2014-05-23 |w 2014-05-23 |y BK | ||